| 000 | 00957nam a22002417a 4500 | ||
|---|---|---|---|
| 999 |
_c111653 _d111653 |
||
| 005 | 20181105120411.0 | ||
| 010 | _aB-195263 B-195295 | ||
| 020 |
_a8173155763 _c200.00 |
||
| 035 | _aB-195263 B-195295 | ||
| 037 | _bCen Lib/Ret | ||
| 082 |
_a824 _bगुलाब |
||
| 100 | _aगुलाब ,राय बाबू | ||
| 245 |
_aमेरे मानसिक उपादान / _c बाबू गुलाबराय |
||
| 246 |
_amere mansik upadan _b by Babu Gulab Rai |
||
| 260 |
_aदिल्ली _bप्रभात प्रकाशन _c2006 |
||
| 270 |
_a4/11,आसफ अली रोड _bदिल्ली _e110002 |
||
| 300 |
_a199पृष्ठ. _c21सेमी(सजिल्द) |
||
| 650 | _aहिंदी साहित्य | ||
| 650 | _aहिंदी निबंध | ||
| 650 | _aHindi Literature | ||
| 650 | _aHindi Nibandh | ||
| 942 |
_2ddc _cHN _h824 _mगुलाब |
||